000 00260nam a2200097Ia 4500
005 20251222114348.0
008 251222s1900||||xx |||||||||||||| ||spa||
082 _aDVD0111/B94/BR
245 0 _aEl extraño mundo de Jack:Nightmare Before Christmas, The
942 _cDVD
999 _c1137
_d1137